Biblioteca

Animales de Lagos y Ríos. / Stephen Hughes Desingn. (Registro nro. 49035)

Detalles MARC
000 -LÍDER
Campo fijo de descripción fija 005380000a22001930004500
001 - NÚMERO DE CONTROL
Campo de control 1882
003 - IDENTIFICADOR DEL NÚMERO DE CONTROL
Campo de control CO-MdFUSB
005 - FECHA Y HORA DE LA ULTIMA TRANSACCIÓN
control field 20171006154747.0
008 - ELEMENTOS DE LONGITUD FIJA -- INFORMACIÓN GENERAL
Campo fijo de descripción fija -- Información general 170831b xxu||||| |||| 00| 0 eng d
040 ## - FUENTE DE CATALOGACIÓN
Agencia que realiza la transcripción CO-MdBIC
082 04 - NÚMERO DE CLASIFICACIÓN DECIMAL DEWEY
Número de clasificación 790 H86al
100 1# - ASIENTO PRINCIPAL--NOMBRE PERSONAL
Nombre personal Hughes Desingn Stephen.
110 1# - ASIENTO PRINCIPAL--NOMBRE CORPORATIVO
Nombre corporativo o de jurisdicción como elemento de entrada Editorial Panamericana.
245 10 - TÍTULO
Título del Material Animales de Lagos y Ríos. / Stephen Hughes Desingn.
260 ## - PUBLICACIÓN, DISTRIBUCIÓN, ETC. (PIE DE IMPRENTA)
Lugar de publicación, distribución, etc. Bogotá.
300 ## - DESCRIPCIÓN FÍSICA
Extensión 5 p.
500 ## - NOTA GENERAL
Nota General Dirigido a niños mayores de 6 años. Contiene rompecabezas. Texto didáctico.
942 ## - TIPO DE MATERIAL (KOHA)
Tipo de Item KOHA Z- Libro General BINCO
Existencias
Estado de Material Estado de Perdido Forma de Clasificación Volumen-Parte/Tomo Estado de Dañado No para Préstamo Tomo Biblioteca de Origen Biblioteca Permanente Fecha de Adquisición Total de Préstamos Total de Renovaciones Signatura Topográfica Código de Barras Última vez visto Última vez Préstado Ejemplar/Existencia Fecha de Remplazo Tipo de Material
    Dewey Decimal Classification         Biblioteca Infantil Comunitaria BINCO Biblioteca Infantil Comunitaria BINCO 18/03/2009 1 1 790 H86al B32494 22/04/2022 06/04/2022 1 26/01/2016 Z- Libro General BINCO

Biblioteca FUSBC | Teléfono: (57+4) 349 88 10 Ext. 141| WhatsApp (+57) 3005338115 
E-mail: biblioteca@unisbc.edu.co | Calle 76 87-14 Robledo Palenque, Medellín, Colombia

Con tecnología Koha